Economics and reality
Αποθηκεύτηκε σε:
| Κύριος συγγραφέας: | |
|---|---|
| Μορφή: | Βιβλίο |
| Γλώσσα: | English |
| Δημοσίευση: |
London :
Routledge,
c1997
|
| Σειρά: | Economics as social theory
|
| Θέματα: | |
| Ετικέτες: |
Προσθήκη ετικέτας
Δεν υπάρχουν, Καταχωρήστε ετικέτα πρώτοι!
|
MARC
| LEADER | 00000nam a2200000 i 4500 | ||
|---|---|---|---|
| 001 | 1/59114 | ||
| 008 | 141105s1997 eng d | ||
| 020 | |a 0-415-15421-9 (pbk.) | ||
| 035 | |l 10119642 | ||
| 040 | |a GR-MY-UA |b gre |e aacr | ||
| 041 | 0 | |a eng | |
| 082 | 0 | |a 330 |2 (23) | |
| 100 | 1 | |a Lawson, Tony. | |
| 245 | 1 | 0 | |a Economics and reality / |c Tony Lawson |
| 260 | |a London : |b Routledge, |c c1997 | ||
| 300 | |a xx, 364 σ.; |c 23 εκ. | ||
| 490 | 1 | |a Economics as social theory | |
| 504 | |a Βιβλιογραφία: σ.335-351 | ||
| 504 | |a Ευρετήριο: σ.352-364 | ||
| 650 | 0 | 0 | |a Economics |x Methodology. |
| 650 | 0 | 0 | |a Economics |x Philosophy. |
| 650 | 0 | 0 | |a Economics |x Sociological aspects. |
| 650 | 0 | 0 | |a Economic policy. |
| 650 | 0 | 0 | |a Social policy. |
| 830 | 0 | |a Economics as social theory | |
| 852 | |a INST |b CHIOS |e 20141105 |h 330 LAW |p 005200035845 |q 005200035845 |t BK |y 0 | ||
| 901 | |a BIBL2-2014-3 | ||
| 909 | |a Χ |b 189151 | ||
| 922 | |a 2ΕΛΗ |b 201405 |c ΤΑΚ/ΤΔΕ |d ΔΡΕΣ | ||
| 970 | |a ΣΠΕΝΤΖΑ |b ΕΛΕΝΗ |z 2014/11/05 | ||